[Event "RSSU-chT"]
[Site "Moscow"]
[Date "2010.12.09"]
[Round "9"]
[White "Krylov, Mihail"]
[Black "Polschikov, Alexey"]
[Result "1-0"]
[WhiteElo "2516"]
[BlackElo "2387"]
[PlyCount "55"]
[EventDate "2010.12.01"]
[EventType "team-swiss"]
[EventRounds "9"]
[EventCountry "RUS"]
[SourceTitle "CBM 139 Extra"]
[Source "ChessBase"]
[SourceDate "2011.01.05"]
[SourceVersion "1"]
[SourceVersionDate "2011.01.05"]
[SourceQuality "1"]

1. d4 d5 2. c4 c6 3. Nf3 Nf6 4. Nc3 e6 5. Bg5 Nbd7 6. cxd5 exd5 7. e3 Be7 8. Qc2 0-0 9. Bd3 Re8 10. h3 Nf8 11. 0-0-0 Be6 12. Ne5 N6d7 13. Bxe7 Rxe7 14. f4 Qa5 15. g4 f6 16. Nf3 Bf7 17. g5 Rxe3 18. gxf6 Rxf3 19. Qg2 Nxf6 20. Rhg1 Ne6 21. Qxf3 Qc7 22. f5 Nxd4 23. Qe3 c5 24. Qg5 Nh5 25. f6 Nf3 26. Nxd5 Qe5 27. Qxe5 Nxe5 28. Be2 1-0

[Event "RSSU-chT"]
[Site "Moscow"]
[Date "2010.12.06"]
[Round "6"]
[White "Krylov, Mihail"]
[Black "Yaksin, Oleg"]
[Result "0-1"]
[WhiteElo "2516"]
[BlackElo "2396"]
[PlyCount "122"]
[EventDate "2010.12.01"]
[EventType "team-swiss"]
[EventRounds "9"]
[EventCountry "RUS"]
[SourceTitle "CBM 139 Extra"]
[Source "ChessBase"]
[SourceDate "2011.01.05"]
[SourceVersion "1"]
[SourceVersionDate "2011.01.05"]
[SourceQuality "1"]

1. Nf3 Nf6 2. c4 e6 3. g3 d5 4. Bg2 a6 5. b3 c5 6. cxd5 exd5 7. d4 cxd4 8. 0-0 Nc6 9. Na3 Bb4 10. Bb2 Bc3 11. Qc1 Ne4 12. Nb1 Qf6 13. Nfd2 Nxd2 14. Nxc3 Nxf1 15. Nxd5 Qd8 16. Ba3 Be6 17. Nf4 Rc8 18. Qxf1 Qa5 19. Bd6 Rd8 20. Bxc6+ bxc6 21. b4 Qf5 22. Bc5 g5 23. Nxe6 fxe6 24. Qd1 Kf7 25. Qa4 Qe5 26. Qd1 h5 27. Qd3 Qf5 28. Qxa6 h4 29. Qd3 Kg6 30. g4 Qxd3 31. exd3 e5 32. a4 Rh7 33. a5 Rf7 34. Kg2 Kf6 35. Bb6 Rc8 36. Re1 Rb7 37. Bc5 Ra8 38. Bd6 Rb5 39. Rc1 Ra6 40. Kf3 Ke6 41. Bc5 Kd5 42. Be7 Ra7 43. Bc5 Ra6 44. Ke2 Ra8 45. Kd2 Ra6 46. h3 Rb7 47. f3 Rb5 48. Rc2 Rb7 49. Rc4 Rb5 50. Be7 Ke6 51. Bxg5 c5 52. Bxh4 cxb4 53. Bd8 b3 54. Kc1 Ra8 55. Bb6 Rf8 56. Kb2 Rxf3 57. Rc5 Rf2+ 58. Kb1 Rb4 59. Rc4 Rxc4 60. dxc4 Re2 61. a6 d3 0-1